| 000 | 00657nam a2200229Ia 4500 | ||
|---|---|---|---|
| 003 | GCL | ||
| 008 | 140319s9999 xx 000 0 ara d | ||
| 040 |
_aGCL / _cGCL |
||
| 082 | 0 | 4 |
_aق _b610.932 _bب ط |
| 100 | 1 | _aبول غليونجى | |
| 245 | 1 | 0 |
_aطب وسحر / _cبول غليونجى |
| 260 |
_aالقاهرة : _bدار القلم |
||
| 300 |
_a118 ص ؛ _c18 سم |
||
| 490 |
_aالمكتبة الثقافية _v5 |
||
| 650 | 0 | 4 | _aالسحر |
| 650 | 0 | 4 | _aمصر القديمة |
| 650 | 0 | 4 | _aالتحنيط |
| 650 | 0 | 4 | _aالطب عند الفراعنة |
| 650 | 0 | 4 | _aالكهان |
| 650 | 0 | 4 | _aالطب - تاريخ |
| 942 |
_2ddc _cBK |
||
| 999 |
_c36867 _d36867 |
||